000 01010nam a22002537a 4500
005 20100405111329.0
008 100405t xxu||||| |||| 00| 0 eng d
010 _aB-379447
020 _c550.00
035 _aB-379447
037 _bUBH
040 _adpl
_bEnglish
082 _a954.16
245 _aThe Delhi iron pillar:
_bits art, metallurgy and inscriptions /
_cedited by M.C. Joshi, S.K. Gupta [and] Shankar Goyal
260 _aJodhpur
_bKusumanjali Prakashan
_c1996
270 _a41-A Sardar Club Scheme
_bJodhpur
_e342011
300 _axvi, 262p.:
_bb&w photos
_c23cm(Hb)
700 _aJoshi, M.C.
700 _aGupta, S.K.
700 _aGoyal, Shankar
942 _2ddc
_cEN
_mDEL
_h954.16
999 _c35070
_d35070